| 000 | 01412nam a22003737a 4500 | ||
|---|---|---|---|
| 001 | BR8102258 | ||
| 003 | BR-BrBNA | ||
| 005 | 20230928090939.0 | ||
| 007 | ta | ||
| 008 | 230509b bl.||||| |||| 00| 0 por d | ||
| 040 |
_aBR-BrBNA _bpor _cBiblioteca Nacional de Agricultura |
||
| 041 | _a(Por) | ||
| 072 |
_aF60; H20 _b0230 _b4120 _b/G514 |
||
| 090 | _ 0230 BR8102258 | ||
| 100 | 1 | _aDias, A.S. | |
| 110 | 1 |
_aEscola Superior de Agricultura Luiz de Queiroz, Piracicaba, SP (Brasil) _0Tese (Doutor em Agronomia) |
|
| 245 | 1 | _aInfluencia do vacuo, fotoperiodo e substrato na selecao de cana-de-acucar resistente a Ustilago scitaminea [Saccharum officinarum; Fisiologia vegetal; Inoculacao; Carvao; Germinacao; Brasil] | |
| 246 | 1 | _aInfluence of vacuum, photoperiod and substratum in the selection of sugarcane resistant to Ustilago scitaminea [Saccharum officinarum; Plant physiology; Inoculation; Coal; Germination; Brazil] | |
| 260 | 3 |
_aPiracicaba, SP (Brasil): _c1981. |
|
| 300 | _a65 p. | ||
| 500 | _a17 tables; Summaries (Eng, Por); Bibliography p. 58-65 (57 ref.) | ||
| 650 | _aFisiologia vegetal | ||
| 650 | _aDoenca de planta | ||
| 650 | _aCana de acucar | ||
| 650 | _aInoculacao | ||
| 650 | _aCarvao | ||
| 650 | _aGerminacao | ||
| 650 | _aPlantula | ||
| 650 | _aFungo | ||
| 650 | _aClone | ||
| 650 | _aVariedade resistente | ||
| 909 |
_a202309 _bLucia _c55 _dLucia Elande |
||
| 942 | _cBK | ||
| 999 |
_c31403 _d31403 |
||